000 00274nam a2200109Ia 4500
008 220216s9999 xx 000 0 und d
245 0 _aRubberisationte bhavi karshakarude kaiyil
260 _bRubber Mithram
_c1999
300 _a24-25
650 _aRubberisation
942 _cJS
999 _c68264
_d68264